Open Data Biblioteca Nacional de Portugal


República Portuguesa: Ministério da Cultura
Biblioteca Nacional de Portugal

Catálogo da BNP: acesso por Identificadores Unívocos
Registos Bibliográficos associados ao registo de autoridade

Etiqueta de registo: 00771cam 2200229 450
001 815166
003 http://id.bnportugal.gov.pt/bib/catbnp/815166
005 19990118000000.0
095 ## $aPTBN00633542
100 ## $a19940715d1751 k y0pory0103 ba
101 0# $apor
102 ## $aPT
106 ## $ar
200 1# $aConselhos para os novatos occuparem o tempo das ferias, com a utilidade do seu adiantamento...$fintimados por Paulo Moreno Toscano...
210 #9 $aLisboa$cna Officina de Domingos Gonsalves,$d1751
215 ## $a[8] p.$d4º (20 cm)
305 ## $aSob pé de imprensa: Com todas as licenças necessarias
307 ## $aVinheta na p. de tít.
316 ## $aExemplar aparado$5PTBN: RES. 1352//40 P.
316 ## $aEncadernação em pergaminho$5PTBN: RES. 1352//40 P.
500 10 $aConselhos para os novatos ocuparem o tempo das férias
620 ## $dLisboa
700 #1 $aToscano,$bPaulo Moreno$3128715
702 #1 $aGonçalves,$bDomingos,$ffl. 1728-1763$4610$3283789
801 #0 $aPT$bBN$gRPC
966 ## $lBN$mMICROF$nMicrofilme$sF. 6548
966 ## $lBN$mMICROF$sF.R. 431
966 ## $lBN$mRESIMP$sRES. 1352//40 P.

Etiqueta de registo: 00705cam 2200193 450
001 802648
003 http://id.bnportugal.gov.pt/bib/catbnp/802648
005 19990110000000.0
095 ## $aPTBN00590770
100 ## $a19940512d1748 m y0pory0103 ba
101 0# $apor
102 ## $aPT
200 0# $aConcelhos para os novatos occuparem o tempo das ferias$fintimados por Paulo Moreno Toscano
210 #9 $aCoimbra$cna Off. de Francisco de Oliveyra,$d1748
215 ## $a[4] f.$d21 cm
500 10 $aConselhos para os novatos ocuparem o tempo das férias
700 #1 $aToscano,$bPaulo Moreno$3128715
702 #1 $aOliveira,$bFrancisco de,$ffl. 1721-1766$4610$3283694
801 #0 $aPT$bBN$gRPC
856 42 $zrosto$uhttp://patrimonia.porbase.org/hg-14961-3-p/hg-14961-3-p_y-01_rosto_t24-C-R0150.jpg$2rosto
966 ## $lBN$mFGMON$sH.G. 14961//3 P.

Etiqueta de registo: 00462cam 2200157 450
001 1254811
003 http://id.bnportugal.gov.pt/bib/catbnp/1254811
100 ## $a20020606d1765 m y0pory0103 ba
101 0# $apor
102 ## $aPT
105 ## $ay z 000yy
106 ## $ar
200 1# $aConselhos para os nouatos occuparem o tempo das ferias, com a utilidade do seu adiantamento; e dictames para deuorarem o Minotauro de hum engano encerrado no labyrintho de innumeraveis lograções$eo qual á instancia do Minos de hum veterano, tributario do mesmo Monstro na Creta Conimbricense, fabrica o Dedalo de hum depravado gosto$fintimados por Paulo Moreno Toscano, na Relaçaõ verdadeira da esquipatica vida de hum academico, o qual pagou o costumado feudo nos primeiros quatro annos de curso, eximindo-se nos mais, por acabar o Monstro com o fio, que lhe deo a Ariadna da sua applicaçaõ.$hII. parte
210 #9 $aLisboa$cna offic. de Ignacio Nogueira Xisto$d1765
215 ## $a16 p.$d4º (20 cm)
303 ## $aTrata-se da 2ª parte de "Contrapezo da macarronea, ou Segundo apontoado de algumas obras em verso, e proza ... para instrucçaõ de novatos buçaes, e desfastio de leytores leigos. I. parte", publicado no mesmo ano pelo mesmo ed.
307 ## $aAssin.: *//8
517 1# $aContrapeso da macarrónia
518 1# $aConselhos para os novatos ocuparem o tempo das férias, com a utilidade do seu adiantamento...
620 ## $dLisboa
700 #1 $aToscano,$bPaulo Moreno$3128715
702 #1 $aXisto,$bInácio Nogueira,$ffl. 1754-1765$4610$378524
801 #0 $aPT$bBN
801 #1 $aFR$bJOUVE
966 ## $lBN$mFGMON$sL. 3321//25 A. $x0
966 ## $lBN$mFGMON$nEm falta desde 1929$sL. 3569 A.$x0
966 ## $lBN$mFGMON$sL. 3559//21 A.
976 ## $d20260504$rpmesqui
997 ## $aBIBEOD

OpendataBNP@bnportugal.pt | Mais informação sobre acesso aos dados BNP